00938cam a22002537a 4500003000500000005001700005008004100022010001000063011001000073035001000083040000900093100003900102245016300141260004100304300001100345502007700356530003600433650005100469650003500520650002500555650002800580650001300608856006300621CHAP20220329142754.0030825s2003 mx r 00010 spa d a87592 a88564 a99109 cCHAP00aGonzález Guerra, Carlos Enrique.10aAnálisis de la producción y rentabilidad del nopal tunero (Opuntia spp) en el DDR 074, Zumpango, Estado de Méxicoc/por Carlos Enrique González Guerra aChapingo, Méx. :bEl autor,c2003. a120 h. aTesis (Ing. Agr. Esp. en Fitotecnia) -- UACH. Departamento de Fitotecnia aTambién disponible en línea14aDistrito de Riego Zumpango , Edo. de México.14aNopalxCostos de producción.14aNopalxProducción.14aNopalzMéxico (Edo.).14aOpuntia. 3Finding aiduhttp://10.13.5.2/tesis/99109.pdfzTeclea aqui